Síndromes circulatorios de urgencia / (Record no. 58177)

MARC details
000 -LEADER
campo de control de longitud fija 00915nam a2200241 i 4500
001 - NÚMERO DE CONTROL
campo de control 58177
003 - IDENTIFICADOR DE NÚMERO DE CONTROL
campo de control ES-MaACL
005 - FECHA Y HORA DE LA ÚLTIMA TRANSACCIÓN
campo de control 20231228062649.0
007 - CAMPO FIJO DE DESCRIPCIÓN FÍSICA--INFORMACIÓN GENERAL
campo de control de longitud fija t|
008 - DATOS DE LONGITUD FIJA--INFORMACIÓN GENERAL
campo de control de longitud fija 031021s1949 sp ||||1| spa d
080 ## - NÚMERO DE LA CLASIFICACIÓN DECIMAL UNIVERSAL
Número de la Clasificación Decimal Universal 616.1-008.6
245 00 - MENCIÓN DEL TÍTULO
Título Síndromes circulatorios de urgencia /
Mención de responsabilidad, etc. publicado bajo la dirección del Dr. Antonio Duque ; con la colaboración de los doctores Calandre Díaz, Calderón Montero, Crespo Álvarez, García Ortiz, Marañón ; prólogo por el Dr. Gregorio Marañón.
260 ## - PUBLICACIÓN, DISTRIBUCIÓN, ETC.
Lugar de publicación, distribución, etc. Madrid :
Nombre del editor, distribuidor, etc. Espasa-Calpe,
Fecha de publicación, distribución, etc. 1949.
300 ## - DESCRIPCIÓN FÍSICA
Extensión XII, 248 p. :
Otras características físicas il. ;
Dimensiones 24 cm.
650 #4 - PUNTO DE ACCESO ADICIONAL DE MATERIA--TÉRMINO DE MATERIA
Término de materia o nombre geográfico como elemento de entrada Cardiología.
9 (RLIN) 10775
700 1# - ENTRADA AGREGADA--NOMBRE PERSONAL
Nombre de persona Duque, Antonio.
9 (RLIN) 46144
700 1# - ENTRADA AGREGADA--NOMBRE PERSONAL
Nombre de persona Calandre Díaz, Luis.
9 (RLIN) 174367
700 1# - ENTRADA AGREGADA--NOMBRE PERSONAL
Nombre de persona Calderón Montero, José.
9 (RLIN) 33623
700 1# - ENTRADA AGREGADA--NOMBRE PERSONAL
Nombre de persona García Ortiz, Enrique.
9 (RLIN) 55065
700 1# - ENTRADA AGREGADA--NOMBRE PERSONAL
Nombre de persona Marañón, Gregorio,
Fechas asociadas al nombre 1887-1960
9 (RLIN) 76311
852 4# - LOCALIZACIÓN
Ubicación ES-MaACL
Número de control de estantería D-7200
Holdings
Estatus retirado Estado de pérdida Estado de daño No para préstamo Biblioteca de origen Biblioteca actual Ubicación en estantería Fecha de adquisición Fuente de adquisición Total de préstamos Signatura topográfica completa Código de barras Visto por última vez Precio de reemplazo Tipo de ítem Koha
        Biblioteca del Ateneo de Madrid Biblioteca del Ateneo de Madrid Sala Valle Inclán 17/01/2008     D-7200 901061052 23/02/2023 23/02/2023 Libro impreso